000 00341nam a22001337a 4500
008 250626b |||||||| |||| 00| 0 eng d
020 _a9780749461577
050 _aHD69
_b.R63
100 _aROBERT, Paul
245 _aEffective Project Management
260 _aGreat Britain
_bKogan Page Limited
_c2011
300 _aviii, 291p.
942 _cBK
999 _c3987
_d3987